书目信息 |
| 题名: |
脑洞大开
|
|
| 作者: | 科布 著 ;李淑玲 译 | |
| 分册: | ||
| 出版信息: | 北京 中国人民大学出版社 2018 |
|
| 页数: | 202页 | |
| 开本: | 21cm | |
| 丛书名: | 科学探索系列 | |
| 单 册: | ||
| 中图分类: | Q421 | |
| 科图分类: | ||
| 主题词: | 神经胶质--shen jing jiao zhi--神经元--研究 | |
| 电子资源: | ||
| ISBN: | 978-7-300-25168-4 | |
| 000 | 01672nam 2200313 450 | |
| 001 | 012001001716 | |
| 005 | 20140108171748.0 | |
| 010 | @a978-7-300-25168-4@dCNY55.00 | |
| 099 | @aCAL 012018003913 | |
| 100 | @a20180110d2018 em y0chiy50 ea | |
| 101 | 1 | @achi@ceng |
| 102 | @aCN@b110000 | |
| 105 | @ay z 000yy | |
| 106 | @ar | |
| 200 | 1 | @a脑洞大开@Anao dong da kai@e探寻思想的根源@f(美) 安德鲁·科布著@d= The root of thought@eunlocking glia-the brain cell that will help us sharpen our wits, heal injury, and treat brain disease@fAndrew Koob@g李淑玲译@zeng |
| 210 | @a北京@c中国人民大学出版社@d2018 | |
| 215 | @a202页@d21cm | |
| 225 | 2 | @a科学探索系列@Ake xue tan suo xi lie |
| 306 | @a由培生教育出版公司授权出版 | |
| 330 | @a本书内容:如果你知道关于大脑的任何事情,那你肯定已经听说过神经元。长久以来,人们将这种细胞置于几乎所有大脑思想、感觉和行动的核心,但是神经元只占了你大脑细胞的10%。那么你大脑另外的90%在做些什么呢?直到最近,科学家们才找到了一条线索。现在,他们正在研究那些被忽略了许久的神经胶质细胞的真实功能——而且这个研究故事是如此地令人惊奇不已,它将告诉你神经胶质细胞是什么、它们如何发挥其功能,以及它们是如何能够解释从智力和创造力到想象力和梦境这些事情的缘由。 | |
| 410 | 0 | @12001 @a科学探索系列 |
| 500 | 10 | @aRoot of thought : unlocking glia-the brain cell that will help us sharpen our wits, heal injury, and treat brain disease@mChinese |
| 517 | 1 | @a探寻思想的根源@Atan xun si xiang de gen yuan |
| 606 | 0 | @a神经胶质@Ashen jing jiao zhi@x神经元@x研究 |
| 690 | @aQ421@v5 | |
| 701 | 1 | @a科布@Ake bu@g(Koob, Andrew)@4著 |
| 702 | 0 | @a李淑玲@Ali shu ling@4译 |
| 801 | 0 | @aCN@b北京卓展@c20191020 |
| 905 | @b1202469-72@dQ421@e33@f4 | |
| 脑洞大开:探寻思想的根源/(美) 安德鲁·科布著= The root of thought:unlocking glia-the brain cell that will help us sharpen our wits, heal injury, and treat brain disease/Andrew Koob/李淑玲译.-北京:中国人民大学出版社,2018 |
| 202页;21cm.-(科学探索系列) |
| ISBN 978-7-300-25168-4:CNY55.00 |
| 本书内容:如果你知道关于大脑的任何事情,那你肯定已经听说过神经元。长久以来,人们将这种细胞置于几乎所有大脑思想、感觉和行动的核心,但是神经元只占了你大脑细胞的10%。那么你大脑另外的90%在做些什么呢?直到最近,科学家们才找到了一条线索。现在,他们正在研究那些被忽略了许久的神经胶质细胞的真实功能——而且这个研究故事是如此地令人惊奇不已,它将告诉你神经胶质细胞是什么、它们如何发挥其功能,以及它们是如何能够解释从智力和创造力到想象力和梦境这些事情的缘由。 |
| ● |
| 相关链接 |
|
|
|
|
正题名:脑洞大开
索取号:Q421/33
 
预约/预借
| 序号 | 登录号 | 条形码 | 馆藏地/架位号 | 状态 | 备注 |
| 1 | 1202469 | 212024691 | 第二样本阅览室/ [索取号:Q421/33] | 在馆 | |
| 2 | 1202470 | 212024708 | 第三借阅区/ [索取号:Q421/33] | 在馆 | |
| 3 | 1202471 | 212024717 | 第三借阅区/ [索取号:Q421/33] | 在馆 | |
| 4 | 1202472 | 212024726 | 第三借阅区/ [索取号:Q421/33] | 在馆 |